| 000 -LEADER |
| fixed length control field |
00691nam a22001577a 4500 |
| 003 - CONTROL NUMBER IDENTIFIER |
| control field |
OSt |
| 005 - DATE AND TIME OF LATEST TRANSACTION |
| control field |
20150915160738.0 |
| 008 - FIXED-LENGTH DATA ELEMENTS--GENERAL INFORMATION |
| fixed length control field |
150915b xxu||||| |||| 00| 0 eng d |
| 040 ## - CATALOGING SOURCE |
| Transcribing agency |
RUA |
| 082 ## - DEWEY DECIMAL CLASSIFICATION NUMBER |
| Classification number |
AGR SUN 1999 BOO25 Or.1 |
| 100 ## - MAIN ENTRY--PERSONAL NAME |
| 9 (RLIN) |
539 |
| Personal name |
SUN, CHAMRAUN |
| 245 ## - TITLE STATEMENT |
| Title |
Oil palm estate manageent of mong reththy invesment cambodia oil palm co.,ltd,( ការគ្រប់គ្រងដំណាំចំការដូងប្រេងរបស់ក្រុមហ៊ុនម៉ង់រិទ្ធីវិនិយៅគទុនដំណាំដូងប្រេងលម្ពុជា) |
| 260 ## - PUBLICATION, DISTRIBUTION, ETC. (IMPRINT) |
| Place of publication, distribution, etc. |
phnom phen |
| Name of publisher, distributor, etc. |
RUA |
| Date of publication, distribution, etc. |
1999 |
| 300 ## - PHYSICAL DESCRIPTION |
| Extent |
51p. |
| Other physical details |
ill. |
| Dimensions |
29cm. |
| 942 ## - ADDED ENTRY ELEMENTS (KOHA) |
| Source of classification or shelving scheme |
|
| Koha item type |
AGR |